000 00465nam a2200145Ia 4500
003 GCL
008 140319s9999 xx 000 0 ara d
040 _aGCL /
_cGCL
082 0 4 _a227
_bع ت
100 1 _aعائشة عبدالرحمن
245 1 0 _aالتفسير البيانى للقرآن الكريم /
_cعائشة عبدالرحمن
490 _aالهيئة العامة للاستعلامات
_v0
650 0 4 _aالقران - تفسير
942 _2ddc
_cBK
999 _c51085
_d51085